Código financiero europeo / [selección] Mariano Abad
ISBN:
84-7196-048-6
Descripción Física:
XXI, 538 p. ; 24 cm
Otros Autores:
Abad Fernando, Mariano
MARC
| LEADER | 00000nam a2200000Ia 4500 | ||
|---|---|---|---|
| 001 | 890 | ||
| 008 | 160829s9999 xx 000 0 cat d | ||
| 020 | |a 84-7196-048-6 | ||
| 080 | |a D-1-35 | ||
| 245 | |a Código financiero europeo / [selección] Mariano Abad | ||
| 260 | |a Madrid : |b Instituto de Estudios Fiscales, dl 1977 | ||
| 300 | |a XXI, 538 p. ; |c 24 cm | ||
| 590 | |a Abans del títol: Ministerio de Hacienda. | ||
| 590 | |a Índex | ||
| 650 | |a Dret financer |x Comunitat Econòmica Europea, Països de la |9 26358 | ||
| 700 | |a Abad Fernando, Mariano |9 26359 | ||
| 710 | |a Instituto de Estudios Fiscales (Madrid) |9 52635 | ||
| 901 | |a Arxiu | ||
| 942 | |n 1 | ||
| 952 | |0 0 |1 0 |4 0 |6 D135 |7 1 |9 43965 |a Arxiu |b Arxiu |d 2016-12-01 |l 0 |o D-1-35 |p 890 |r 2016-12-01 00:00:00 |w 2016-12-01 |y ARXIU | ||
| 999 | |c 46545 |d 46545 | ||